Politicko-ekonomické aspekty obdobia prohibície v Spojených štátoch amerických diplomová práca

Na minha lista:
Detalhes bibliográficos
Autor principal: Moncmanová, Daniela
Autor Corporativo: Fakulta medzinárodných vzťahov EU. Katedra medzinárodných politických vzťahov
Outros Autores: Futó, Gilbert
Formato: Livro
Idioma:eslovaco
Publicado em: Bratislava 2020
Tags: Adicionar Tag
Sem tags, seja o primeiro a adicionar uma tag!

MARC

LEADER 00000nbm a2200000 4500
001 0265710
005 20200910111008.5
041 0 |a slo 
044 |a SK 
245 1 0 |a Politicko-ekonomické aspekty obdobia prohibície v Spojených štátoch amerických  |b diplomová práca  |c Daniela Moncmanová ; školiteľ: Gilbert Futó 
264 1 |a Bratislava  |c 2020 
300 |a 75 s. 
100 1 |a Moncmanová, Daniela 
700 1 |a Futó, Gilbert 
710 2 |a Fakulta medzinárodných vzťahov EU. Katedra medzinárodných politických vzťahov